000 00398 a2200121 4500
001 ART_48337
005 20260410161607.0
008 260409a
245 1 0 _aPlan de negocios. Marco conceptual. Resolución técnica (FACPCE) 49
100 1 _aFaccendini, Yanina C.
700 1 _aOubiña, Gabriel H.
773 0 _tProfesional & Empresaria
_g- Año XX, Nº 233 (feb. 2019)
_wREV70
999 _c10261
_d10261